Проблемы комплектования, использования и сохранности книжных фондов ЦБС Туркменской ССР. Вып. 1: Составление тематико-типологического плана комплектования (Запись № 6651918)

Подробности
000 -МАРКЕР
контрольное поле 01327nam2a22002291 4500
001 - ИДЕНТИФИКАТОР ЗАПИСИ
контрольное поле rc\858564
005 - ИДЕНТИФИКАТОР ВЕРСИИ
контрольное поле 20250622102800.0
035 ## - ДРУГИЕ СИСТЕМНЫЕ НОМЕРА
Идентификатор записи (NLR Aleph) 006239312
100 ## - ДАННЫЕ ОБЩЕЙ ОБРАБОТКИ
Данные общей обработки 20041129d1983 |||y0rusy50 ca
101 0# - ЯЗЫК РЕСУРСА
Язык текста, звукозаписи и т.д. русский
102 ## - СТРАНА ПУБЛИКАЦИИ ИЛИ ПРОИЗВОДСТВА
Страна публикации Российская Федерация
105 ## - ПОЛЕ КОДИРОВАННЫХ ДАННЫХ: ТЕКСТОВЫЕ МАТЕРИАЛЫ, МОНОГРАФИЧЕСКИЕ
Кодированные данные о монографическом текстовом документе y |||||||||
200 1# - ЗАГЛАВИЕ И СВЕДЕНИЯ ОБ ОТВЕТСТВЕННОСТИ
Основное заглавие Составление тематико-типологического плана комплектования
210 ## - ПУБЛИКАЦИЯ, РАСПРОСТРАНЕНИЕ И ДР.
Дата издания, распространения и т.д. 1983
Место издания, распространения и т.д. Б. м.
215 ## - ФИЗИЧЕСКАЯ ХАРАКТЕРИСТИКА
Специфическое обозначение материала и объем [2], 17 с.
461 #0 - УРОВЕНЬ НАБОРА
Встроенное поле 001rc\858563
-- 2001#$aПроблемы комплектования, использования и сохранности книжных фондов ЦБС Туркменской ССР$e(Метод. рекомендация)$fГос. б-ка ТССР им. К. Маркса, Науч.-метод. отд.$g[Сост.: Авагимянц И., Тумакова И.]$vВып. 1
Системный номер (АБИС) связанной записи 6651912
Место публикации Ашхабад
Дата публикации 1983
Первые сведения об ответственности Гос. б-ка ТССР им. К. Маркса, Науч.-метод. отд.
Имя издателя, распространителя и т.д. Б. и.
Сведения, относящиеся к заглавию (Метод. рекомендация)
Заглавие Проблемы комплектования, использования и сохранности книжных фондов ЦБС Туркменской ССР
Номер тома Вып. 1
801 #0 - ИСТОЧНИК ЗАПИСИ
Страна Российская Федерация
Организация NLR
Правила каталогизации psbo
801 #1 - ИСТОЧНИК ЗАПИСИ
Страна Российская Федерация
Организация ELAR
Источник данных rusmarc
852 ## - МЕСТОНАХОЖДЕНИЕ И ШИФР ХРАНЕНИЯ
Идентификатор организации NLR
Наименование фонда или коллекции (Sub-Location Identifier) Б
Шифр хранения (Call Number) 7215/А-18
942 ## - ДОПОЛНИТЕЛЬНЫЕ ЭЛЕМЕНТЫ ЗАПИСИ (АБИС)
Тип экземпляра АБИС Книга
980 ## - КОЛЛЕКЦИЯ
Название коллекции Национальная библиография
Экземпляры
Тип экземпляра Дата поступления Библиотека постоянного хранения Библиотека текущего хранения Место хранения Шифр хранения Штрих-код Статус экземпляра
Книга 26.10.2013 РНБ (Садовая) РНБ (Садовая) Фонд литературы по библиотековедению Б 7215/А-18 6239312-10